000 00348 a2200157 4500
001 72601
020 _a8529402936
040 _cAnchieta - Colégio São Paulo
100 _aMiguel, Jorge
240 1 0 _aO mundo de Miguelin
_lpor
245 1 0 _aO mundo de Miguelin
300 _a63
362 0 _a2005
650 4 _aLiteratura juvenil
942 _cBK
999 _c72601
_d72601